Rousseau / (Record no. 80535)

MARC details
000 -LEADER
campo de control de longitud fija 00677nam a2200217 i 4500
001 - NÚMERO DE CONTROL
campo de control 80535
003 - IDENTIFICADOR DE NÚMERO DE CONTROL
campo de control ES-MaACL
005 - FECHA Y HORA DE LA ÚLTIMA TRANSACCIÓN
campo de control 20230906174234.0
007 - CAMPO FIJO DE DESCRIPCIÓN FÍSICA--INFORMACIÓN GENERAL
campo de control de longitud fija t|
008 - DATOS DE LONGITUD FIJA--INFORMACIÓN GENERAL
campo de control de longitud fija 041028s1931 sp ||||1| spa d
100 1# - ENTRADA PRINCIPAL--NOMBRE DE PERSONA
Nombre de persona Höffding, Harald.
9 (RLIN) 63936
245 10 - MENCIÓN DEL TÍTULO
Título Rousseau /
Mención de responsabilidad, etc. por Harold Höffding ; traducción del alemán por Fernando Vela.
260 ## - PUBLICACIÓN, DISTRIBUCIÓN, ETC.
Lugar de publicación, distribución, etc. Madrid :
Nombre del editor, distribuidor, etc. Revista de Occidente,
Fecha de publicación, distribución, etc. [1931] (
Fabricante Imp. de Galo Sáez)
300 ## - DESCRIPCIÓN FÍSICA
Extensión 187 p. ;
Dimensiones 18 cm.
490 1# - MENCIÓN DE SERIE
Mención de serie Los filósofos ;
Designación de volumen o secuencia 8
600 14 - PUNTO DE ACCESO ADICIONAL DE MATERIA--NOMBRE DE PERSONA
Nombre de persona Rousseau, Jean-Jacques.
9 (RLIN) 100055
700 1# - ENTRADA AGREGADA--NOMBRE PERSONAL
Nombre de persona Vela, Fernando.
9 (RLIN) 113674
830 1# - PUNTO DE ACCESO ADICIONAL DE SERIE-TÍTULO UNIFORME
Título uniforme Los filósofos ;
Designación de volumen o secuencia 8
9 (RLIN) 183665
852 ## - LOCALIZACIÓN
Ubicación ES-MaACL
Número de control de estantería E-6908
Holdings
Estatus retirado Estado de pérdida Estado de daño No para préstamo Biblioteca de origen Biblioteca actual Ubicación en estantería Fecha de adquisición Fuente de adquisición Total de préstamos Signatura topográfica completa Código de barras Visto por última vez Precio de reemplazo Tipo de ítem Koha
        Biblioteca del Ateneo de Madrid Biblioteca del Ateneo de Madrid Depósito 2 17/01/2008     E-6908 1084200 23/02/2023 23/02/2023 Libro impreso